Tactical pilotage chart, TPC. E-8B, China, Soviet Union /

Bibliographic Details
Corporate Author: Aerospace Center (U.S.)
Format: Government Document Map
Language:English
Published: St. Louis, Mo. : The Center ; [1991]
Edition:Ed. 3.
Subjects:

MARC

Tag First Indicator Second Indicator Subfields
LEADER 00000cem a2200000 a 4500
001 in00001069120
005 20150929103301.0
007 aj canzn
008 920310s1991 mougek cc a f 0 eng d
010 |a (DG92064809  
034 1 |a a  |b 500000  |d E1150000  |e E1243000  |f N0560000  |g N0520000 
035 |a (OCoLC)25422881 
035 |9 AFP6035AM 
037 |a TPCXXE 08 B  |b DMA 
040 |a GPO  |c GPO  |d DLC  |d UtOrBLW 
052 |a 9231 
074 |a 378-E-5 
086 0 |a D 5.354:TPC E-8 B/991 
090 |a G3201.P6 s500 .U5D4 TPC E-8B 
110 2 |a Aerospace Center (U.S.) 
245 1 0 |a Tactical pilotage chart, TPC.  |n E-8B,  |p China, Soviet Union /  |c prepared and published by the Defense Mapping Agency Aerospace Center. 
250 |a Ed. 3. 
255 |a Scale 1:500,000 ;  |b Lambert conformal conic proj., standard parallels 4920ʹ and 5440ʹ (E 11500ʹ--E 12430ʹ/N 5600ʹ--N 5200ʹ). 
264 1 |a St. Louis, Mo. :  |b The Center ;  |c [1991] 
264 2 |a [Washington, D.C.] :  |b [DMA, Combat Support Center, DOA, distributor], 
300 |a 1 map :  |b color ;  |c 105 x 146 cm. folded to 27 x 37 cm. 
336 |a cartographic image  |b cri  |2 rdacontent 
337 |a unmediated  |b n  |2 rdamedia 
338 |a sheet  |b nb  |2 rdacarrier 
500 |a Relief shown by shading, tints, and spot heights. 
500 |a "Air information current through 8 May 1991." 
500 |a "Compiled May 1991." 
500 |a "Lithographed by DMMAC 12-91." 
500 |a Includes elevation tints and interchart relationship diagrams. 
500 |a Cartographic material. 
650 0 |a Aeronautical charts  |z China. 
650 0 |a Aeronautical charts  |z Soviet Union. 
740 0 |a China, Soviet Union. 
740 0 |a Tactical pilotage chart. 
740 0 |a TPC. 
999 |a MARS 
999 f f |s ca23a2e2-5e01-3225-bba3-7cdb19f89df1  |i 3b74f7dd-4017-361c-b141-64c458608cfb  |t 0 
952 f f |p normal  |a Texas A&M University  |b College Station  |c Sterling C. Evans Library  |d Evans: Maps (2nd floor)  |t 0  |e G3201.P6 s500 .U5D4 TPC E-8B  |h Library of Congress classification  |i unmediated -- sheet  |m A14818131139 
998 f f |a G3201.P6 s500 .U5D4 TPC E-8B  |t 0  |l Evans: Maps (2nd floor)